[Event "ICS unrated blitz match"]
[Site "204.178.125.65"]
[Date "2001.07.11"]
[Round "?"]
[White "Hossa"]
[Black "Panthee"]
[Result "1-0"]
[WhiteElo "2633"]
[BlackElo "2200"]
[PlyCount "53"]
[EventDate "2001.??.??"]

1. e4 c5 2. Nf3 d6 3. d4 cxd4 4. Nxd4 Nf6 5. Nc3 a6 6. a4 Nc6 7. Bc4 e6 8. O-O
Be7 9. Nxc6 bxc6 10. Bg5 O-O 11. a5 Rb8 12. b3 d5 13. exd5 cxd5 14. Bd3 Bb4 15.
Na4 Bxa5 16. Nc5 Bb6 17. Nxa6 Bxa6 18. Rxa6 Qc7 19. Bxf6 gxf6 20. Qg4+ Kh8 21.
Qh4 f5 22. Qf6+ Kg8 23. Ra4 Qd8 24. Qh6 f6 25. Rg4+ Kf7 26. Qxh7+ Ke8 27. Bb5+
{Panthee resigns} 1-0

[Event "ICS unrated blitz match"]
[Site "204.178.125.65"]
[Date "2001.07.11"]
[Round "?"]
[White "Panthee"]
[Black "Hossa"]
[Result "0-1"]
[WhiteElo "2200"]
[BlackElo "2633"]
[PlyCount "124"]
[EventDate "2001.??.??"]

1. e4 d6 2. d4 Nf6 3. f3 g6 4. Be3 Bg7 5. Qd2 O-O 6. Nc3 e5 7. Nge2 exd4 8.
Nxd4 d5 9. e5 Ne8 10. f4 f6 11. Nf3 c6 12. O-O-O Bg4 13. Be2 Bxf3 14. Bxf3 fxe5
15. fxe5 Bxe5 16. Nxd5 Rxf3 17. gxf3 Qxd5 18. Qxd5+ cxd5 19. Rxd5 Bc7 20. Bh6
Nf6 21. Rd3 Nc6 22. Bg5 Kg7 23. Bxf6+ Kxf6 24. Rd7 Bf4+ 25. Kb1 Rb8 26. Rxh7
Ne5 27. a4 Nxf3 28. h4 a5 29. h5 g5 30. h6 g4 31. Rd7 g3 32. Rdd1 g2 33. Rhg1
Nxg1 34. Rxg1 Bxh6 35. Rxg2 Rc8 36. Re2 Kf5 37. c3 Rc4 38. Re7 b6 39. Rb7 Be3
40. Kc2 Rxa4 41. Kd3 Bc5 42. b3 Re4 43. Rd7 Re8 44. Rb7 Re3+ 45. Kc4 Re4+ 46.
Kb5 Re5 47. Ka6 Re3 48. b4 axb4 49. cxb4 Ra3+ 50. Kb5 Rb3 51. Kc6 Rxb4 52. Rb8
Be3 53. Rb7 Rc4+ 54. Kb5 Rc1 55. Kb4 Ke4 56. Kb5 Bd4 57. Kb4 Rb1+ 58. Kc4 Be5
59. Re7 b5+ 60. Kc5 b4 61. Kc4 b3 62. Rb7 Rc1+ {Panthee resigns} 0-1

[Event "ICS unrated blitz match"]
[Site "204.178.125.65"]
[Date "2001.07.11"]
[Round "?"]
[White "Hossa"]
[Black "Panthee"]
[Result "1-0"]
[WhiteElo "2633"]
[BlackElo "2200"]
[PlyCount "55"]
[EventDate "2001.??.??"]

1. e4 c6 2. d4 d5 3. Nd2 dxe4 4. Nxe4 Nd7 5. Nf3 Ngf6 6. Ng3 e6 7. Bd3 Bd6 8.
O-O O-O 9. Bg5 Qc7 10. c3 h6 11. Be3 Bf4 12. Bxf4 Qxf4 13. Ne2 Qc7 14. Qd2 e5
15. Nxe5 Nxe5 16. dxe5 Qxe5 17. Nd4 Bd7 18. Rfe1 Qh5 19. Re7 Rae8 20. Re2 Rxe2
21. Bxe2 Qg5 22. Qc2 Re8 23. Rd1 Bg4 24. Bxg4 Qxg4 25. f3 Qf4 26. Qd3 Nd5 27.
Nc2 Ne3 28. Re1 {Panthee resigns} 1-0

[Event "ICS unrated blitz match"]
[Site "204.178.125.65"]
[Date "2001.07.11"]
[Round "?"]
[White "Panthee"]
[Black "Hossa"]
[Result "0-1"]
[WhiteElo "2200"]
[BlackElo "2633"]
[PlyCount "20"]
[EventDate "2001.??.??"]

1. e4 d6 2. d4 Nf6 3. Nc3 g6 4. f3 Bg7 5. Be3 O-O 6. Qd2 e5 7. d5 Ne8 8. g4 f5
9. gxf5 gxf5 10. Bh6 Qh4+ {Panthee resigns} 0-1

[Event "ICS unrated blitz match"]
[Site "204.178.125.65"]
[Date "2001.07.11"]
[Round "?"]
[White "Hossa"]
[Black "Panthee"]
[Result "1-0"]
[WhiteElo "2633"]
[BlackElo "2200"]
[PlyCount "85"]
[EventDate "2001.??.??"]

1. d4 c6 2. c4 d5 3. Nf3 e6 4. cxd5 exd5 5. Bf4 Nf6 6. e3 Bd6 7. Bxd6 Qxd6 8.
Bd3 O-O 9. Nc3 Bg4 10. h3 Bh5 11. Qe2 Nbd7 12. O-O-O Rfe8 13. g4 Bg6 14. Bxg6
fxg6 15. Ng5 h6 16. Nf3 Ne4 17. Nxe4 dxe4 18. Nd2 Kh7 19. h4 b5 20. Kb1 Nb6 21.
h5 g5 22. Nxe4 Rxe4 23. Qc2 Qe6 24. f3 Re8 25. Rde1 Nc4 26. fxe4 Qxe4 27. Rh3
Kg8 28. Qxe4 Rxe4 29. Rg3 Kf7 30. Kc2 Ke6 31. b3 Nb6 32. Kd3 Kd5 33. Rf1 Re7
34. e4+ Kd6 35. Rgf3 Nd7 36. e5+ Ke6 37. Rc1 Kd5 38. b4 Nb6 39. Rc5+ Ke6 40.
Rxc6+ Kd7 41. Rc5 a6 42. Rf2 Nc4 43. a4 {Panthee resigns} 1-0

[Event "ICS unrated blitz match"]
[Site "204.178.125.65"]
[Date "2001.07.11"]
[Round "?"]
[White "Panthee"]
[Black "Hossa"]
[Result "0-1"]
[WhiteElo "2200"]
[BlackElo "2633"]
[PlyCount "36"]
[EventDate "2001.??.??"]

1. e4 d6 2. d4 Nf6 3. Nc3 g6 4. f3 Bg7 5. Be3 O-O 6. Qd2 e5 7. d5 Ne8 8. g4 f5
9. gxf5 gxf5 10. Bg5 Bf6 11. Bxf6 Qxf6 12. O-O-O fxe4 13. fxe4 Qf4 14. Bd3 Bg4
15. Rf1 Qxf1+ 16. Bxf1 Rxf1+ 17. Nd1 Rxd1+ 18. Qxd1 Bxd1 {Panthee resigns} 0-1

[Event "ICS unrated blitz match"]
[Site "204.178.125.65"]
[Date "2001.07.11"]
[Round "?"]
[White "Hossa"]
[Black "Panthee"]
[Result "1-0"]
[WhiteElo "2633"]
[BlackElo "2200"]
[PlyCount "65"]
[EventDate "2001.??.??"]

1. c4 e6 2. d4 Nf6 3. Nf3 b6 4. e3 Bb7 5. Bd3 Bb4+ 6. Bd2 Be7 7. Nc3 O-O 8. e4
d5 9. cxd5 exd5 10. e5 Ne4 11. Qc2 f5 12. O-O c5 13. Bf4 Nc6 14. Nxd5 Nxd4 15.
Nxe7+ Qxe7 16. Nxd4 cxd4 17. Qc4+ Kh8 18. Qxd4 Rad8 19. Qc4 g5 20. Be3 Qxe5 21.
Bxe4 Qxe4 22. Qxe4 Bxe4 23. Bxg5 Rc8 24. f3 Bb7 25. Rfd1 Rf7 26. Rac1 Rfc7 27.
Rd8+ Kg7 28. Rxc7+ Rxc7 29. Bf4 Re7 30. Bd6 Rf7 31. Be5+ Kh6 32. Rd6+ Kh5 33.
Bf4 {Panthee resigns} 1-0

[Event "ICS unrated blitz match"]
[Site "204.178.125.65"]
[Date "2001.07.11"]
[Round "?"]
[White "Panthee"]
[Black "Hossa"]
[Result "0-1"]
[WhiteElo "2200"]
[BlackElo "2633"]
[PlyCount "54"]
[EventDate "2001.??.??"]

1. e4 d6 2. d4 Nf6 3. Nc3 g6 4. f3 Bg7 5. Be3 O-O 6. Qd2 e5 7. d5 Ne8 8. g4 f5
9. gxf5 gxf5 10. Bg5 Bf6 11. Bxf6 Qxf6 12. O-O-O fxe4 13. fxe4 Qf4 14. Bd3 Bg4
15. Nge2 Bxe2 16. Nxe2 Qxd2+ 17. Kxd2 Nd7 18. Rhg1+ Kf7 19. Ng3 Ng7 20. Rdf1+
Ke7 21. Ke3 Rxf1 22. Rxf1 Nf6 23. Be2 Rf8 24. Nf5+ Nxf5+ 25. Rxf5 Nxd5+ 26. Kf2
Rxf5+ 27. exf5 Kf6 {Panthee resigns} 0-1

[Event "ICS unrated blitz match"]
[Site "204.178.125.65"]
[Date "2001.07.11"]
[Round "?"]
[White "Hossa"]
[Black "Panthee"]
[Result "1-0"]
[WhiteElo "2633"]
[BlackElo "2200"]
[PlyCount "49"]
[EventDate "2001.??.??"]

1. d4 Nf6 2. c4 e6 3. Nc3 d5 4. Bg5 Be7 5. cxd5 exd5 6. e3 c6 7. Bd3 O-O 8.
Nge2 Nbd7 9. O-O Re8 10. Qc2 Ne4 11. Bf4 Ndf6 12. Nxe4 dxe4 13. Bxe4 Nxe4 14.
Qxe4 Be6 15. Be5 Bd6 16. Bxd6 Qxd6 17. Qd3 f5 18. Nf4 Bd7 19. Qd1 g6 20. Qb3+
Kh8 21. Nd3 b6 22. Qc3 Rac8 23. Ne5 Be6 24. d5 Bxd5 25. Nf7+ {Panthee resigns}
1-0

[Event "ICS unrated blitz match"]
[Site "204.178.125.65"]
[Date "2001.07.11"]
[Round "?"]
[White "Panthee"]
[Black "Hossa"]
[Result "0-1"]
[WhiteElo "2200"]
[BlackElo "2633"]
[PlyCount "110"]
[EventDate "2001.??.??"]

1. e4 d6 2. d4 Nf6 3. Nc3 g6 4. f3 Bg7 5. Be3 O-O 6. Qd2 e5 7. d5 Ne8 8. O-O-O
f5 9. Bg5 Nf6 10. Bd3 a5 11. h4 Qe8 12. Nh3 fxe4 13. fxe4 Ng4 14. Rdf1 h6 15.
Be3 a4 16. Kb1 Nxe3 17. Qxe3 Rxf1+ 18. Rxf1 Ra5 19. a3 Bd7 20. Be2 Qc8 21. Nf2
Qd8 22. h5 gxh5 23. Bxh5 Qg5 24. Qf3 Qf6 25. Qxf6 Bxf6 26. Ng4 Bxg4 27. Bxg4
Kg7 28. Ne2 Kg6 29. Bh5+ Kxh5 30. Rxf6 Nd7 31. Rf7 Nc5 32. Nc3 Ra8 33. Rxc7 Rg8
34. Nb5 Nxe4 35. Rxb7 Rxg2 36. Rb6 Nd2+ 37. Ka2 Nc4 38. Rc6 Na5 39. Rc7 Rd2 40.
Nxd6 Rxd5 41. Ne4 Rd4 42. Rc5 Rxe4 43. Rxa5 Kg4 44. b4 axb3+ 45. Kxb3 h5 46.
Ra8 Re3+ 47. Kb4 h4 48. a4 h3 49. Rg8+ Kf3 50. Rh8 Kg2 51. a5 h2 52. a6 Rh3 53.
Rg8+ Rg3 54. Rh8 h1=Q 55. Rxh1 Kxh1 {Panthee resigns} 0-1

[Event "ICS unrated blitz match"]
[Site "204.178.125.65"]
[Date "2001.07.12"]
[Round "?"]
[White "Hossa"]
[Black "Panthee"]
[Result "1-0"]
[WhiteElo "2633"]
[BlackElo "2200"]
[PlyCount "51"]
[EventDate "2001.??.??"]

1. e4 e5 2. Nf3 Nc6 3. Bb5 a6 4. Ba4 Nf6 5. O-O Be7 6. Re1 b5 7. Bb3 O-O 8. a3
Bb7 9. d3 d5 10. exd5 Nxd5 11. Nxe5 Nxe5 12. Rxe5 Bd6 13. Bxd5 Bxd5 14. Rxd5
Bxh2+ 15. Kxh2 Qxd5 16. Kg1 Rae8 17. Bd2 Re6 18. Qg4 Rfe8 19. Nc3 Qc6 20. Be3
Rg6 21. Qh3 f5 22. d4 Rf8 23. d5 Qc4 24. Rd1 f4 25. Bd4 f3 26. b3 {
Panthee resigns} 1-0

[Event "ICS unrated blitz match"]
[Site "204.178.125.65"]
[Date "2001.07.12"]
[Round "?"]
[White "Panthee"]
[Black "Hossa"]
[Result "0-1"]
[WhiteElo "2200"]
[BlackElo "2633"]
[PlyCount "98"]
[EventDate "2001.??.??"]

1. e4 d6 2. d4 Nf6 3. Nc3 g6 4. f3 Bg7 5. Be3 O-O 6. Qd2 e5 7. d5 Ne8 8. O-O-O
f5 9. Bg5 Nf6 10. Bd3 a5 11. h4 Qe8 12. Nh3 fxe4 13. fxe4 Ng4 14. Rdf1 h6 15.
Be3 a4 16. Kb1 Nxe3 17. Qxe3 Bd7 18. Be2 b5 19. g4 b4 20. Nd1 b3 21. cxb3 axb3
22. a3 Na6 23. Qxb3 Nc5 24. Qe3 Qe7 25. g5 h5 26. Rxf8+ Rxf8 27. Nc3 Nb3 28.
Rf1 Nd4 29. Rxf8+ Qxf8 30. Ng1 Qf4 31. Qxf4 exf4 32. Nf3 Bg4 33. Nxd4 Bxd4 34.
Bf1 Bf2 35. Nb5 Bxh4 36. a4 Bxg5 37. a5 Bc8 38. Nxc7 f3 39. Kc2 Kf7 40. b4 Kf6
41. b5 Be3 42. Kd3 Bc5 43. b6 g5 44. Kc4 g4 45. Kb5 g3 46. a6 g2 47. Bxg2 fxg2
48. b7 Bd7+ 49. Kc4 Ba7 {Panthee resigns} 0-1

[Event "ICS rated standard match"]
[Site "204.178.125.65"]
[Date "2001.07.12"]
[Round "?"]
[White "expert101"]
[Black "Hossa"]
[Result "0-1"]
[WhiteElo "2105"]
[BlackElo "2390"]
[PlyCount "62"]
[EventDate "2001.??.??"]

1. e4 d6 2. d4 Nf6 3. Nc3 g6 4. Nf3 Bg7 5. Be2 O-O 6. h3 e5 7. dxe5 dxe5 8.
Qxd8 Rxd8 9. Bg5 Nc6 10. Nd5 Rxd5 11. exd5 Nb4 12. Bxf6 Bxf6 13. O-O-O Bf5 14.
Ne1 Nxa2+ 15. Kb1 Nb4 16. g4 Be4 17. Bf3 Bxf3 18. Nxf3 Rd8 19. g5 Be7 20. Rhe1
f6 21. gxf6 Bxf6 22. Nxe5 Rxd5 23. Rxd5 Nxd5 24. Ng4 Kf7 25. Nxf6 Kxf6 26. Kc1
Nf4 27. Re3 g5 28. Kd2 h5 29. h4 gxh4 30. Rf3 Kg5 31. Ke3 h3 {expert101 resigns
} 0-1

[Event "ICS rated standard match"]
[Site "204.178.125.65"]
[Date "2001.07.12"]
[Round "?"]
[White "Hossa"]
[Black "expert101"]
[Result "1/2-1/2"]
[WhiteElo "2395"]
[BlackElo "2100"]
[PlyCount "87"]
[EventDate "2001.??.??"]

1. d4 d5 2. c4 c6 3. Nc3 Nf6 4. e3 g6 5. cxd5 Nxd5 6. e4 Nxc3 7. bxc3 Bg7 8.
Nf3 O-O 9. Be2 c5 10. O-O cxd4 11. Nxd4 a6 12. Be3 Qc7 13. Qc2 Nc6 14. Rfd1
Nxd4 15. Bxd4 Bxd4 16. Rxd4 Be6 17. a4 Rac8 18. Rd3 Bc4 19. Rh3 Bxe2 20. Qxe2
Rfd8 21. Rb1 Qd7 22. e5 Qxa4 23. e6 f6 24. Rg3 b5 25. Re3 Kg7 26. Qf3 Rc7 27.
Qe2 Rd6 28. Qe1 Rcc6 29. Kh1 Qc4 30. Rb4 Qd5 31. Rd4 Qa2 32. Rxd6 Rxd6 33. g4
Qd2 34. Kg2 a5 35. Qxd2 Rxd2 36. Re1 Rc2 37. Rb1 Rxc3 38. Rxb5 a4 39. Rb7 Kf8
40. Rb8+ Kg7 41. Rb7 Kf8 42. Rb8+ Kg7 43. Rb7 Kf8 44. Rb8+ {
Game drawn by repetition} 1/2-1/2

[Event "ICS rated standard match"]
[Site "204.178.125.65"]
[Date "2001.07.12"]
[Round "?"]
[White "PostModernist"]
[Black "Hossa"]
[Result "1-0"]
[WhiteElo "2406"]
[BlackElo "2384"]
[PlyCount "126"]
[EventDate "2001.??.??"]

1. Nf3 d5 2. g3 Nf6 3. c4 dxc4 4. Qa4+ Nbd7 5. Qxc4 Nb6 6. Qc2 e6 7. d4 Bd7 8.
Bg2 Ba4 9. Qd3 c5 10. Nc3 c4 11. Qb1 Bc6 12. O-O Bb4 13. Re1 O-O 14. e4 Ng4 15.
Qc2 Rc8 16. Bg5 Be7 17. Bxe7 Qxe7 18. d5 Be8 19. h3 Nh6 20. Qd2 Rd8 21. Qd4 f6
22. b3 Rc8 23. Nd2 e5 24. Qe3 f5 25. bxc4 Nxc4 26. Nxc4 Rxc4 27. Rac1 b5 28.
exf5 Nxf5 29. Qxe5 Qxe5 30. Rxe5 Nd4 31. d6 Bc6 32. Kf1 Nf3 33. Re3 Nd2+ 34.
Kg1 Rd8 35. Bxc6 Rxc6 36. Rce1 Rdxd6 37. Re8+ Kf7 38. R1e7+ Kg6 39. Nxb5 Rf6
40. f4 Ra6 41. Nc3 Rfc6 42. Ne2 Kf6 43. g4 h6 44. Ng3 Ra5 45. Nh5+ Rxh5 46.
gxh5 Ra6 47. Re2 Kf7 48. Rd8 Nb1 49. Rc8 Rd6 50. Rc7+ Kf6 51. Rxa7 Nc3 52. Re8
Rd1+ 53. Kg2 Rd5 54. Rf8+ Ke6 55. Rxg7 Rxh5 56. Rg6+ Kd5 57. Kg3 Ke4 58. Rd6
Rd5 59. Re8+ Kd4 60. Rxd5+ Nxd5 61. Rd8 Ke4 62. Rxd5 Kxd5 63. Kh4 Ke4 {
Hossa resigns} 1-0

[Event "ICS rated standard match"]
[Site "204.178.125.65"]
[Date "2001.07.12"]
[Round "?"]
[White "Hossa"]
[Black "PostModernist"]
[Result "1/2-1/2"]
[WhiteElo "2369"]
[BlackElo "2421"]
[PlyCount "114"]
[EventDate "2001.??.??"]

1. e4 g6 2. d4 Bg7 3. Nf3 c6 4. Nc3 d6 5. h3 Nd7 6. Be2 Qc7 7. Be3 Ngf6 8. O-O
O-O 9. Qd2 e5 10. dxe5 dxe5 11. Rfd1 b5 12. a3 Bb7 13. Bh6 Rfd8 14. Qg5 a5 15.
Bxg7 Kxg7 16. Bd3 b4 17. Ne2 c5 18. Nd2 Qd6 19. Ng3 Kf8 20. Nc4 Qe6 21. Qh6+
Kg8 22. axb4 axb4 23. Rxa8 Rxa8 24. Ne3 Nb6 25. c4 bxc3 26. bxc3 c4 27. Bc2
Nfd7 28. Bb1 Ra3 29. Ne2 Bc6 30. Nc2 Ba4 31. Re1 Bxc2 32. Bxc2 Ra2 33. Bb1 Rb2
34. Qc1 Na4 35. Bc2 Ndc5 36. Bxa4 Nxa4 37. Qa1 Qd7 38. Ng3 Kg7 39. Rd1 Qb5 40.
Qc1 Qb6 41. Kh2 h6 42. Rd2 Rb3 43. Rc2 Rb1 44. Qd2 Ra1 45. Qd5 Qb1 46. Qxe5+
Kh7 47. Nf5 gxf5 48. Qxf5+ Kg8 49. Rd2 Qb8+ 50. g3 Qb6 51. Qe5 Kf8 52. Qh8+ Ke7
53. Qe5+ Qe6 54. Qb8 Qb6 55. Qe5+ Qe6 56. Qb8 Qb6 57. Qe5+ Qe6 {
Game drawn by repetition} 1/2-1/2

[Event "ICS Rated standard match"]
[Site "204.178.125.65"]
[Date "2001.07.12"]
[Round "?"]
[White "Hossa"]
[Black "BrazilianMaster"]
[Result "0-1"]
[WhiteElo "2371"]
[BlackElo "2649"]
[PlyCount "115"]
[EventDate "2001.??.??"]

1. d4 d5 2. c4 dxc4 3. e4 Nf6 4. e5 Nd5 5. Bxc4 Nb6 6. Bd3 Nc6 7. Be3 Nb4 8.
Be4 c6 9. Ne2 f5 10. exf6 exf6 11. O-O f5 12. Bf3 N4d5 13. Nbc3 Nxe3 14. fxe3
Bd6 15. Qb3 Qe7 16. e4 Be6 17. Qc2 fxe4 18. Nxe4 O-O 19. Nxd6 Qxd6 20. Be4 h6
21. Rae1 Bc4 22. Bh7+ Kh8 23. Bd3 Bxd3 24. Qxd3 Rae8 25. Kh1 Qb4 26. Qc3 Rxf1+
27. Rxf1 Qc4 28. Ng3 Qxa2 29. Qc2 Qe6 30. Qc5 Kh7 31. Qa3 Nc8 32. Qd3+ Kg8 33.
Nh5 Rf8 34. Rxf8+ Kxf8 35. Qg3 g5 36. h3 Nd6 37. Kg1 Kf7 38. Qf2+ Qf5 39. g4
Qxf2+ 40. Kxf2 a5 41. Ke2 b5 42. Kd2 a4 43. Kc3 Ke6 44. Ng3 Kd5 45. Ne2 Ne4+
46. Kb4 Nf2 47. Ng3 Nd1 48. Ka3 Ne3 49. Ne2 Nc2+ 50. Ka2 b4 51. Ng3 b3+ 52. Kb1
Kxd4 53. Kc1 Kd3 54. Nf1 a3 55. bxa3 c5 56. Kb2 c4 57. a4 Nd4 58. a5 {
Hossa resigns} 0-1

[Event "ICS rated standard match"]
[Site "204.178.125.65"]
[Date "2001.07.12"]
[Round "?"]
[White "BrazilianMaster"]
[Black "Hossa"]
[Result "1-0"]
[WhiteElo "2654"]
[BlackElo "2366"]
[PlyCount "88"]
[EventDate "2001.??.??"]

1. d4 e6 2. c4 Nf6 3. Nc3 d5 4. cxd5 exd5 5. Bg5 Be7 6. e3 Nc6 7. Nge2 Be6 8.
Nf4 O-O 9. Be2 Nd7 10. Bxe7 Nxe7 11. Qb3 Nb6 12. Bd3 Qd7 13. Nxe6 fxe6 14. O-O
Nf5 15. Qc2 Rf6 16. Kh1 Rh6 17. a4 a5 18. Ne2 Qd6 19. h3 Nh4 20. Kg1 e5 21.
dxe5 Qxe5 22. Rac1 c6 23. Qb3 Qc7 24. Rc5 Qd8 25. e4 Nd7 26. Rc3 Ne5 27. exd5
Qxd5 28. Qxd5+ cxd5 29. Rd1 Rf8 30. Bc2 Nc6 31. Rxd5 Re8 32. Nd4 Nxd4 33. Rxd4
Rh5 34. Bb3+ Kh8 35. Bf7 Re1+ 36. Kh2 g6 37. Rc7 Kg7 38. Bc4+ Kh6 39. f4 Re8
40. Rdd7 Rh8 41. g4 Rf5 42. gxf5 Nxf5 43. Bg8 g5 44. Bxh7 Rxh7 {Hossa resigns}
1-0

[Event "ICS rated standard match"]
[Site "204.178.125.65"]
[Date "2001.07.12"]
[Round "?"]
[White "Hossa"]
[Black "BrazilianMaster"]
[Result "0-1"]
[WhiteElo "2361"]
[BlackElo "2659"]
[PlyCount "113"]
[EventDate "2001.??.??"]

1. d4 Nf6 2. c4 e6 3. Nc3 Bb4 4. Qc2 d5 5. cxd5 Qxd5 6. Nf3 Qf5 7. Qxf5 exf5 8.
a3 Be7 9. Bg5 Be6 10. e3 c6 11. Bd3 Nbd7 12. O-O h6 13. Bh4 a5 14. Rac1 O-O 15.
Ne2 g5 16. Bg3 Ne4 17. Nc3 Nxc3 18. Rxc3 Nf6 19. Rcc1 Rfd8 20. Rfd1 Rac8 21.
Rf1 Nh5 22. Be5 c5 23. Be2 g4 24. Ne1 f6 25. d5 Bxd5 26. Bc3 b6 27. Nc2 Ng7 28.
Ba6 Ra8 29. Be2 Kf7 30. Ne1 Bd6 31. Nd3 Ne6 32. Rfd1 b5 33. Kh1 Bb3 34. Rf1 c4
35. Ne1 b4 36. axb4 axb4 37. Bd4 Nxd4 38. exd4 Re8 39. Bd1 Bxd1 40. Rxd1 Ra2
41. b3 cxb3 42. Nd3 b2 43. Rb1 Re2 44. Rfd1 Ke6 45. d5+ Kd7 46. g3 b3 47. Kg2
Rc2 48. h3 h5 49. hxg4 hxg4 50. Kh1 Be5 51. Kg2 Bd4 52. Nf4 Ra1 53. Ne6 Rxf2+
54. Kh1 Rc2 55. Nxd4 Rxb1 56. Rxb1 Rc1+ 57. Kg2 {Hossa resigns} 0-1

[Event "ICS rated standard match"]
[Site "204.178.125.65"]
[Date "2001.07.12"]
[Round "?"]
[White "BrazilianMaster"]
[Black "Hossa"]
[Result "1-0"]
[WhiteElo "2664"]
[BlackElo "2356"]
[PlyCount "52"]
[EventDate "2001.??.??"]

1. e4 d6 2. d4 Nf6 3. Nc3 g6 4. Bg5 Bg7 5. Qd2 h6 6. Bh4 g5 7. Bg3 c6 8. f3 b5
9. Nd1 g4 10. Nf2 gxf3 11. Nxf3 Bd7 12. e5 Nh5 13. Bh4 Be6 14. g4 Bd5 15. Be2
Bxf3 16. Bxf3 dxe5 17. gxh5 Qxd4 18. Qxd4 exd4 19. O-O-O e5 20. Ng4 Kd7 21.
Rhe1 Ke6 22. c3 dxc3 23. Nf6 Bxf6 24. Bg4+ Ke7 25. Rxe5+ Kf8 26. Bxf6 Na6 {
Hossa resigns} 1-0

[Event "ICS rated blitz match"]
[Site "204.178.125.65"]
[Date "2001.07.12"]
[Round "?"]
[White "Abraxis"]
[Black "Hossa"]
[Result "1-0"]
[WhiteElo "2724"]
[BlackElo "2637"]
[PlyCount "102"]
[EventDate "2001.??.??"]

1. d4 Nf6 2. Nf3 d5 3. c4 e6 4. Nc3 dxc4 5. e4 b5 6. e5 Nd5 7. Nxb5 c6 8. Nc3
Ba6 9. Be2 Be7 10. O-O O-O 11. Ne4 Qb6 12. h4 Nd7 13. Qa4 c3 14. Nxc3 Bxe2 15.
Nxe2 Qc7 16. Bg5 Bxg5 17. Nxg5 h6 18. Nf3 N7b6 19. Qc2 Rfd8 20. Ng3 Nb4 21. Qe4
N4d5 22. Qc2 Nb4 23. Qe4 N4d5 24. Rfe1 Rab8 25. Qg4 Nd7 26. Re2 Rb4 27. Rc1 Ra4
28. b3 Ra3 29. Rc4 N7b6 30. Rc1 Nd7 31. Nh5 g6 32. Nf4 N7f6 33. Qg3 Kh7 34.
Nxe6 fxe6 35. exf6 Qxg3 36. fxg3 Rf8 37. Ne5 Ra6 38. f7 Nb4 39. Rf2 Kg7 40. a4
Rb6 41. Rcf1 Nd5 42. Nd7 Rxb3 43. Nxf8 Kxf8 44. Re1 Ne3 45. Rf3 Nc2 46. Rxb3
Nxe1 47. Rc3 Kxf7 48. Kf2 Ke7 49. Kxe1 Kd6 50. Rc5 Kc7 51. h5 gxh5 {
Hossa resigns} 1-0

[Event "ICS rated blitz match"]
[Site "204.178.125.65"]
[Date "2001.07.12"]
[Round "?"]
[White "Hossa"]
[Black "tikky"]
[Result "1-0"]
[WhiteElo "2625"]
[BlackElo "2278"]
[PlyCount "29"]
[EventDate "2001.??.??"]

1. e4 c5 2. Nf3 Nc6 3. Bc4 g6 4. O-O Bg7 5. c3 e6 6. d4 cxd4 7. Nxd4 Nge7 8.
Nxc6 bxc6 9. Qd6 O-O 10. Rd1 Bf6 11. Bh6 Re8 12. Be3 Qa5 13. Bc5 Be5 14. Qxe5
d5 15. Bd4 {tikky resigns} 1-0

[Event "ICS rated blitz match"]
[Site "204.178.125.65"]
[Date "2001.07.12"]
[Round "?"]
[White "Tinker"]
[Black "Hossa"]
[Result "0-1"]
[WhiteElo "2575"]
[BlackElo "2625"]
[PlyCount "86"]
[EventDate "2001.??.??"]

1. e4 Nc6 2. Nf3 f5 3. exf5 d5 4. d4 Bxf5 5. Bb5 Qd6 6. Ne5 a6 7. Bxc6+ bxc6 8.
O-O c5 9. Bf4 cxd4 10. Qxd4 c5 11. Qa4+ Bd7 12. Qb3 Rd8 13. Nf7 Qxf4 14. Nxh8
e6 15. Re1 Nf6 16. Qe3 Qxe3 17. fxe3 g6 18. Nd2 Bg7 19. Nxg6 hxg6 20. Rac1 Bh6
21. Nf1 Ne4 22. c4 Ke7 23. Rc2 Rf8 24. b3 Bc6 25. Rd1 Bg7 26. Rd3 dxc4 27. bxc4
Ba4 28. Re2 Rb8 29. Ra3 Nc3 30. Rf2 Rb1 31. h3 Be5 32. h4 Rc1 33. Rb2 Bd1 34.
Rd2 Be2 35. Rxe2 Nxe2+ 36. Kf2 Rc2 37. Kf3 Kf6 38. e4 Nd4+ 39. Kg4 Rxg2+ 40.
Kh3 Rg1 41. Ng3 Rxg3+ 42. Rxg3 Bxg3 43. Kxg3 Nc6 {Tinker resigns} 0-1

[Event "ICS Rated blitz match"]
[Site "204.178.125.65"]
[Date "2001.07.12"]
[Round "?"]
[White "gerbil"]
[Black "Hossa"]
[Result "1/2-1/2"]
[WhiteElo "2304"]
[BlackElo "2639"]
[PlyCount "203"]
[EventDate "2001.??.??"]

1. d4 Nf6 2. c4 c5 3. d5 e6 4. Nc3 exd5 5. cxd5 d6 6. e4 g6 7. Bd3 Bg7 8. Nge2
O-O 9. O-O Ng4 10. f3 c4 11. fxg4 cxd3 12. Nf4 Qh4 13. h3 Bd7 14. Qxd3 Na6 15.
Bd2 Nb4 16. Qb1 Bd4+ 17. Kh1 Rac8 18. Nce2 Bc5 19. a3 Na6 20. Qe1 Qxe1 21.
Rfxe1 Rfe8 22. b4 Bb6 23. Nc3 Nc7 24. Be3 Nb5 25. Nxb5 Bxe3 26. Rxe3 Bxb5 27.
g5 Ba4 28. Ne2 Re5 29. Nc3 Bb3 30. h4 Rce8 31. Rae1 Bc4 32. g4 b6 33. Kg2 Kf8
34. Kf3 Rc8 35. Kf4 a6 36. Na4 Bb5 37. Nxb6 Rb8 38. a4 Rxb6 39. axb5 Rxb5 40.
Rb1 a5 41. Reb3 axb4 42. Rxb4 Rxb4 43. Rxb4 Re8 44. h5 Rc8 45. Rb7 Ke8 46. Ra7
Rc1 47. Ra3 Ke7 48. Ra7+ Ke8 49. Ra8+ Ke7 50. Ra3 Rf1+ 51. Rf3 Rh1 52. h6 Re1
53. Ra3 Rf1+ 54. Rf3 Re1 55. Rf2 Ra1 56. Rc2 Rf1+ 57. Kg3 Rg1+ 58. Kh3 Re1 59.
Rc4 Kd8 60. Kg3 Rg1+ 61. Kf3 Rf1+ 62. Kg2 Ra1 63. Rc3 Re1 64. Kf3 Rf1+ 65. Kg3
Re1 66. Kf4 Rb1 67. Ra3 Rf1+ 68. Rf3 Re1 69. Rf2 Ke7 70. Rc2 Rf1+ 71. Kg3 Rg1+
72. Kh3 Re1 73. Rc4 Kd8 74. Kg2 Ra1 75. Rc6 Kd7 76. Rc2 Ra3 77. Rf2 Ke7 78. Rb2
Ra8 79. Rb7+ Ke8 80. Kg3 Ra3+ 81. Kf4 Ra8 82. Rc7 Rb8 83. Ra7 Rc8 84. Ra6 Kd7
85. Rb6 Ra8 86. Rb7+ Ke8 87. Rb1 Kd7 88. Rb2 Kc7 89. Rb1 Kd7 90. Rb2 Kc7 91.
Rc2+ Kd8 92. Re2 Ra1 93. Rd2 Rf1+ 94. Ke3 Re1+ 95. Re2 Rg1 96. Kf3 Ke7 97. Re3
Rf1+ 98. Kg3 Rg1+ 99. Kf4 Rf1+ 100. Kg3 Rg1+ 101. Kf3 Rf1+ 102. Ke2 {
Game drawn by the 50 move rule} 1/2-1/2

[Event "ICS rated bullet match"]
[Site "204.178.125.65"]
[Date "2001.07.12"]
[Round "?"]
[White "Hossa"]
[Black "GAMBITMAN"]
[Result "1-0"]
[WhiteElo "2593"]
[BlackElo "2027"]
[PlyCount "45"]
[EventDate "2001.??.??"]

1. e4 d6 2. d4 g6 3. Nc3 Bg7 4. Nf3 a6 5. Bc4 b5 6. Bb3 Nf6 7. e5 dxe5 8. Nxe5
O-O 9. O-O Bb7 10. Re1 Nbd7 11. Bg5 c5 12. Nxd7 Qxd7 13. dxc5 Qc6 14. f3 Qxc5+
15. Be3 Qc6 16. Bd4 Rad8 17. Rxe7 Rfe8 18. Bxf7+ Kh8 19. Bxe8 Nxe8 20. Bxg7+
Kg8 21. Qxd8 Qc5+ 22. Bd4 Qxe7 23. Qxe7 {GAMBITMAN resigns} 1-0

[Event "ICS rated bullet match"]
[Site "204.178.125.65"]
[Date "2001.07.12"]
[Round "?"]
[White "GAMBITMAN"]
[Black "Hossa"]
[Result "0-1"]
[WhiteElo "2026"]
[BlackElo "2594"]
[PlyCount "74"]
[EventDate "2001.??.??"]

1. e4 e5 2. Nf3 d6 3. Bc4 Be7 4. d4 exd4 5. Nxd4 Nf6 6. Nc3 Nxe4 7. Nxe4 d5 8.
Bd3 dxe4 9. Bxe4 c5 10. Nb5 Qxd1+ 11. Kxd1 Na6 12. c4 Bd7 13. Nc3 Bc6 14. Nd5
Bxd5 15. Bxd5 O-O-O 16. a3 Nc7 17. Kc2 Nxd5 18. cxd5 Rxd5 19. Be3 Rhd8 20. Rhe1
Kd7 21. Red1 Rxd1 22. Rxd1+ Kc6 23. Re1 Bf6 24. Bd2 Bxb2 25. Kxb2 Rxd2+ 26. Kb3
Rxf2 27. Re7 Rxg2 28. Rxf7 Rxh2 29. Rxg7 Rh3+ 30. Kc2 Rxa3 31. Rg5 Rh3 32. Rf5
b5 33. Rf6+ Kb7 34. Rf7+ Kb6 35. Rf6+ Ka5 36. Rf7 a6 37. Rf3 Rxf3 {
GAMBITMAN resigns} 0-1

[Event "ICS rated bullet match"]
[Site "204.178.125.65"]
[Date "2001.07.12"]
[Round "?"]
[White "Hossa"]
[Black "GAMBITMAN"]
[Result "1-0"]
[WhiteElo "2595"]
[BlackElo "2025"]
[PlyCount "55"]
[EventDate "2001.??.??"]

1. e4 d6 2. d4 g6 3. Nc3 Bg7 4. Nf3 a6 5. Bc4 Nf6 6. e5 dxe5 7. Nxe5 O-O 8. O-O
c5 9. dxc5 Qc7 10. Nd3 Bf5 11. Bf4 Qc8 12. Re1 e6 13. Qf3 Nbd7 14. Bd6 Re8 15.
Qf4 Bxd3 16. cxd3 Nxc5 17. Rac1 Qd7 18. Bxc5 Nh5 19. Qd2 Rac8 20. Ne4 f5 21.
Nd6 Rxc5 22. Nxe8 Qxe8 23. Bxe6+ Qxe6 24. Rxe6 Rxc1+ 25. Qxc1 Nf4 26. Qc8+ Bf8
27. Rf6 Kg7 28. Qxf8# {GAMBITMAN checkmated} 1-0